| 000 | 00759nas a2200265 4500 | ||
|---|---|---|---|
| 001 | BR2013010453 | ||
| 003 | BR-BrBNA | ||
| 005 | 20231205123452.0 | ||
| 007 | ta | ||
| 008 | 230509b bl.|||p| |||| 00| 00por d | ||
| 040 |
_aBR-BrBNA _bpor _cBiblioteca Nacional de Agricultura |
||
| 041 | _a(Pt) | ||
| 072 | _aN01; L01; E40 | ||
| 100 | 1 | _aNeiva, R. | |
| 245 | 1 | _aTanques comunitários e os pequenos produtores | |
| 650 | _aPEQUENO PRODUTOR | ||
| 650 | _aPRODUÇÃO LEITEIRA | ||
| 650 | _aTANQUE | ||
| 650 | _aCOMUNIDADE RURAL | ||
| 650 | _aHIGIENE VETERINÁRIA | ||
| 650 | _aNORMALIZAÇÃO | ||
| 773 | 0 |
_tBalde Branco (Brazil) _x _g(Nov 2003), v. 39(469) p. 35-37 _wBR2013010453 |
|
| 909 |
_a202311 _bLúcia _c55 _dLúcia Elande |
||
| 942 |
_2AGRIS _n0 _cANA |
||
| 999 |
_c234049 _d234049 |
||